Statistics for Word Ladder #2

Click here to take the quiz!

General Stats

  • This quiz has been taken 442 times
  • The average score is 11 of 24

Answer Stats

HintAnswer% Correct
New Mexico’s capital: _____ Fe.Santa
92%
Argentine dance.Tango
71%
Type of ray.Manta
57%
1930 song: “On the _____ Side of the Street.”Sunny
57%
One of the stages of grief.Anger
55%
Dance or bicycle trick: _____ Hop.Bunny
54%
Japanese comic.Manga
53%
Leather worker.Tanner
51%
DeGeneres, Maddow & Jane Lynch, for example.Lesbian
50%
African country colonized by freed U.S. slaves.Liberia
48%
Astronaut’s drink.Tang
48%
Africa’s most populous country.Nigeria
47%
1960 song and movie: “Never on ______.”Sunday
47%
Two words: French for “very good.”Très bien
47%
Clef used by violinists.Treble
45%
Li’l Orphan Annie’s pet.Sandy
37%
Judith Martin advice column: Miss _______Manners
36%
Ferdinand the ____Bull
34%
Confederate soldier.Rebel
34%
Cedars of _______Lebanon
33%
Teddy Roosevelt called the White House a _____ pulpit.Bully
32%
Song from “The Music Man”: Marian the _________Librarian
28%
How Teddy Roosevelt said “wonderful!”Bully!
22%
Songbird: scarlet _______.Tanager
15%

Score Distribution

Percentile by Number Answered

Percent of People with Each Score

Your Score History

You have not taken this quiz